Direkt-Marketing bei Banken <Ein> Instrument der Qualitätspolitik
Salvato in:
| Autore principale: | |
|---|---|
| Natura: | Libro |
| Lingua: | tedesco |
| Pubblicazione: |
Wiesbaden
Deutscher Universitäts Verlag
1993
|
| Edizione: | 1. Aufl. |
| Soggetti: | |
| Tags: |
Nessun Tag, puoi essere il primo ad aggiungerne!!
|
MARC
| LEADER | 00000nam a2200000 4500 | ||
|---|---|---|---|
| 001 | c010389 | ||
| 005 | 20221206074342.4 | ||
| 020 | |a 3-8244-0158-4 | ||
| 041 | 0 | |a ger | |
| 044 | |a DE | ||
| 245 | 1 | 0 | |a Direkt-Marketing bei Banken |b <Ein> Instrument der Qualitätspolitik |c Harry Giesler |
| 250 | |a 1. Aufl. | ||
| 264 | 1 | |a Wiesbaden |b Deutscher Universitäts Verlag |c 1993 | |
| 300 | |a 256 s. | ||
| 610 | 2 | 0 | |a banky |
| 610 | 2 | 0 | |a marketing |
| 610 | 2 | 0 | |a marketing priamy |
| 610 | 2 | 0 | |a služby |
| 610 | 2 | 0 | |a služby bankové |
| 610 | 2 | 0 | |a kvalita |
| 610 | 2 | 0 | |a nástroje ekonomické |
| 610 | 2 | 0 | |a rozhodovanie |
| 610 | 2 | 0 | |a právo |
| 610 | 2 | 0 | |a zákazníci |
| 610 | 2 | 0 | |a výkony podnikové |
| 100 | 1 | |a Giesler, Harry | |